| 000 | 00500nam a22001697a 4500 | ||
|---|---|---|---|
| 005 | 20241114135834.0 | ||
| 008 | 241114b |||||||| |||| 00| 0 eng d | ||
| 020 | _a9780077296995 | ||
| 050 |
_aQA152.3 _b.M47 |
||
| 100 | _aMessersmith, Sherri | ||
| 245 |
_aBeginning and Intermediate Algebra/ _cSherri Messersmith |
||
| 250 | _a3rd Ed. | ||
| 260 |
_aNew York _bMcGraw-Hill _c2009 |
||
| 300 |
_axxxii. 882p,various pagings _bill. some color _c28cm |
||
| 650 | _2Algebra | ||
| 942 |
_2lcc _cBK _e3rd Ed. _n0 |
||
| 999 |
_c1200 _d1200 |
||